ANUARIO DE LA PRODUCCION FORESTAL DE MEXICO 1971

Guardado en:
Bibliografiske detaljer
Institution som forfatter: México. Secretaría de Agricultura y Ganadería. Subsecretaría Forestal y de la Fauna
Format: Bog
Fag:
Tags: Tilføj Tag
Ingen Tags, Vær først til at tagge denne postø!

MARC

LEADER 00000nam^a2200000^a^4500
001 000236854
005 20250521000000.0
009 20260310104912.974
035 |a 053135 
037 |a Acervo Xavier Clavigero 
082 |a 634. 98  |b MEX 
110 |a México.  |b Secretaría de Agricultura y Ganadería. Subsecretaría Forestal y de la Fauna 
245 1 0 |a ANUARIO DE LA PRODUCCION FORESTAL DE MEXICO 1971 
264 |a MEXICO :  |b SECRETARIA DE AGRICULTURA Y GANADERIA,  |c 1972 
300 |a 243 p. :  |b tbs. 
336 |a texto  |b txt  |2 rdacontenido 
337 |a sin mediación  |b n  |2 rdamedio 
338 |a volumen  |b nc  |2 rdasoporte 
649 |a XX 
650 |a Bosques -  |z México -  |x Productos 
650 |a Bosques -  |x Productos -  |x Anuarios 
910 |a Fondo General 
920 |a Impresos - Libros 
930 |a Colección General 
905 |a 101 
901 |a 053135  |b IT1  |c ACC  |i 053135  |u 20250521 
902 |a https://opac.biblio.iteso.mx/vufind/Record/000236854